UBT Library

Empirikus (Record no. 60865)

000 -LEADER
fixed length control field 00290nam a22001337a 4500
008 - FIXED-LENGTH DATA ELEMENTS--GENERAL INFORMATION
fixed length control field 260227b ||||| |||| 00| 0 eng d
020 ## - INTERNATIONAL STANDARD BOOK NUMBER
International Standard Book Number 9772232874001
041 ## - LANGUAGE CODE
Language code of text/sound track or separate title eng
080 ## - UNIVERSAL DECIMAL CLASSIFICATION NUMBER
Universal Decimal Classification number 2.1
100 ## - Rafti
Rafti 20.1
101 ## - Shkurtesa
Shkurtesa elektr
245 ## - TITLE STATEMENT
Title Empirikus
Statement of responsibility, etc Acta Scientiarum
942 ## - ADDED ENTRY ELEMENTS (KOHA)
Source of classification or shelving scheme
Item type Books
Holdings
Withdrawn status Lost status Source of classification or shelving scheme Damaged status Not for loan Collection code Permanent location Current location Date acquired Total Checkouts Barcode Date last seen Price effective from Koha item type
          Koleksioni i përgjithshem UBT - Lipjan UBT - Lipjan 02/27/2026   002-800070999363 02/27/2026 02/27/2026 Books
          Koleksioni i përgjithshem UBT - Lipjan UBT - Lipjan 03/09/2026   00380007099968 03/09/2026 03/09/2026 Books
          Koleksioni i përgjithshem UBT - Lipjan UBT - Lipjan 03/09/2026   00380007099969 03/09/2026 03/09/2026 Books
          Koleksioni i përgjithshem UBT - Lipjan UBT - Lipjan 03/09/2026   00380007099970 03/09/2026 03/09/2026 Books
          Koleksioni i përgjithshem UBT - Lipjan UBT - Lipjan 03/09/2026   00380007099971 03/09/2026 03/09/2026 Books
          Koleksioni i përgjithshem UBT - Lipjan UBT - Lipjan 03/09/2026   00380007099972 03/09/2026 03/09/2026 Books
          Koleksioni i përgjithshem UBT - Lipjan UBT - Lipjan 03/09/2026   00380007099973 03/09/2026 03/09/2026 Books
          Koleksioni i përgjithshem UBT - Lipjan UBT - Lipjan 03/09/2026   00380007099974 03/09/2026 03/09/2026 Books
          Koleksioni i përgjithshem UBT - Lipjan UBT - Lipjan 03/09/2026   00380007099975 03/09/2026 03/09/2026 Books
          Koleksioni i përgjithshem UBT - Lipjan UBT - Lipjan 03/09/2026   00380007099976 03/09/2026 03/09/2026 Books
          Koleksioni i përgjithshem UBT - Lipjan UBT - Lipjan 03/09/2026   00380007099977 03/09/2026 03/09/2026 Books
          Koleksioni i përgjithshem UBT - Lipjan UBT - Lipjan 03/12/2026   003-800070999164 03/12/2026 03/12/2026 Books
          Koleksioni i përgjithshem UBT - Lipjan UBT - Lipjan 03/12/2026   003-800070999167 03/12/2026 03/12/2026 Books
          Koleksioni i përgjithshem UBT - Lipjan UBT - Lipjan 03/12/2026   003-800070999168 03/12/2026 03/12/2026 Books
          Koleksioni i përgjithshem UBT - Lipjan UBT - Lipjan 03/16/2026   003-800070999202 03/16/2026 03/16/2026 Books
          Koleksioni i përgjithshem UBT - Lipjan UBT - Lipjan 03/16/2026   003-800070999203 03/16/2026 03/16/2026 Books
          Koleksioni i përgjithshem UBT - Lipjan UBT - Lipjan 03/16/2026   003-800070999204 03/16/2026 03/16/2026 Books
          Koleksioni i përgjithshem UBT - Lipjan UBT - Lipjan 03/17/2026   003-800070999213 03/17/2026 03/17/2026 Books
          Koleksioni i përgjithshem UBT - Lipjan UBT - Lipjan 03/17/2026   003-800070999214 03/17/2026 03/17/2026 Books
          Koleksioni i përgjithshem UBT - Lipjan UBT - Lipjan 03/17/2026   003-800070999216 03/17/2026 03/17/2026 Books
          Koleksioni i përgjithshem UBT - Lipjan UBT - Lipjan 03/17/2026   003-800070999217 03/17/2026 03/17/2026 Books
          Koleksioni i përgjithshem UBT - Lipjan UBT - Lipjan 03/17/2026   003-800070999218 03/17/2026 03/17/2026 Books
          Koleksioni i përgjithshem UBT - Gjilan UBT - Lipjan 03/17/2026   003-800070999219 03/17/2026 03/17/2026 Books
          Koleksioni i përgjithshem UBT - Gjilan UBT - Lipjan 03/17/2026   003-800070999220 03/17/2026 03/17/2026 Books
          Koleksioni i përgjithshem UBT - Gjilan UBT - Lipjan 03/17/2026   003-800070999221 03/17/2026 03/17/2026 Books
          Koleksioni i përgjithshem UBT - Gjilan UBT - Lipjan 03/17/2026   003-800070999222 03/17/2026 03/17/2026 Books
          Koleksioni i përgjithshem UBT - Lipjan UBT - Lipjan 03/25/2026   003-800070999450 03/25/2026 03/25/2026 Books
          Koleksioni i përgjithshem UBT - Lipjan UBT - Lipjan 03/25/2026   003-800070999451 03/25/2026 03/25/2026 Books
          Koleksioni i përgjithshem UBT - Lipjan UBT - Lipjan 03/25/2026   003-800070999452 03/25/2026 03/25/2026 Books
          Koleksioni i përgjithshem UBT - Lipjan UBT - Lipjan 03/25/2026   003-800070999453 03/25/2026 03/25/2026 Books
          Koleksioni i përgjithshem UBT - Lipjan UBT - Lipjan 03/25/2026   003-800070999454 03/25/2026 03/25/2026 Books
          Koleksioni i përgjithshem UBT - Lipjan UBT - Lipjan 03/25/2026   003-800070999455 03/25/2026 03/25/2026 Books
          Koleksioni i përgjithshem UBT - Lipjan UBT - Lipjan 03/25/2026   003-800070999456 03/25/2026 03/25/2026 Books
          Koleksioni i përgjithshem UBT - Lipjan UBT - Lipjan 03/30/2026   003-800070999511 03/30/2026 03/30/2026 Books
          Koleksioni i përgjithshem UBT - Lipjan UBT - Lipjan 03/30/2026   003-800070999512 03/30/2026 03/30/2026 Books
          Koleksioni i përgjithshem UBT - Lipjan UBT - Lipjan 03/30/2026   003-800070999513 03/30/2026 03/30/2026 Books
          Koleksioni i përgjithshem UBT - Lipjan UBT - Lipjan 03/30/2026   003-800070999514 03/30/2026 03/30/2026 Books
          Koleksioni i përgjithshem UBT - Lipjan UBT - Lipjan 03/30/2026   003-800070999515 03/30/2026 03/30/2026 Books
          Koleksioni i përgjithshem UBT - Lipjan UBT - Lipjan 03/30/2026   003-800070999516 03/30/2026 03/30/2026 Books
          Koleksioni i përgjithshem UBT - Lipjan UBT - Lipjan 03/30/2026   003-800070999517 03/30/2026 03/30/2026 Books
          Koleksioni i përgjithshem UBT - Lipjan UBT - Lipjan 03/30/2026   003-800070999518 03/30/2026 03/30/2026 Books
          Koleksioni i përgjithshem UBT - Lipjan UBT - Lipjan 03/30/2026   003-800070999519 03/30/2026 03/30/2026 Books
          Koleksioni i përgjithshem UBT - Lipjan UBT - Lipjan 03/30/2026   003-800070999520 03/30/2026 03/30/2026 Books
          Koleksioni i përgjithshem UBT - Lipjan UBT - Lipjan 04/01/2026   003-800070999562 04/01/2026 04/01/2026 Books
          Koleksioni i përgjithshem UBT - Lipjan UBT - Lipjan 04/01/2026   003-800070999563 04/01/2026 04/01/2026 Books
          Koleksioni i përgjithshem UBT - Lipjan UBT - Lipjan 04/01/2026   003-800070999564 04/01/2026 04/01/2026 Books
          Koleksioni i përgjithshem UBT - Lipjan UBT - Lipjan 04/01/2026   003-800070999565 04/01/2026 04/01/2026 Books
          Koleksioni i përgjithshem UBT - Lipjan UBT - Lipjan 04/07/2026   003-800070999620 04/07/2026 04/07/2026 Books
          Koleksioni i përgjithshem UBT - Lipjan UBT - Lipjan 04/07/2026   003-800070999621 04/07/2026 04/07/2026 Books
          Koleksioni i përgjithshem UBT - Lipjan UBT - Lipjan 04/07/2026   003-800070999622 04/07/2026 04/07/2026 Books
          Koleksioni i përgjithshem UBT - Lipjan UBT - Lipjan 04/07/2026   003-800070999623 04/07/2026 04/07/2026 Books
          Koleksioni i përgjithshem UBT - Lipjan UBT - Lipjan 04/23/2026   003-800070999271 04/23/2026 04/23/2026 Books
          Koleksioni i përgjithshem UBT - Lipjan UBT - Lipjan 04/23/2026   003-800070999272 04/23/2026 04/23/2026 Books
          Koleksioni i përgjithshem UBT - Lipjan UBT - Lipjan 04/23/2026   003-800070999273 04/23/2026 04/23/2026 Books
          Koleksioni i përgjithshem UBT - Lipjan UBT - Lipjan 04/23/2026   003-800070999274 04/23/2026 04/23/2026 Books
          Koleksioni i përgjithshem UBT - Lipjan UBT - Lipjan 04/23/2026   003-800070999275 04/23/2026 04/23/2026 Books
          Koleksioni i përgjithshem UBT - Lipjan UBT - Lipjan 04/23/2026   003-800070999276 04/23/2026 04/23/2026 Books
          Koleksioni i përgjithshem UBT - Lipjan UBT - Lipjan 04/23/2026   003-800070999277 04/23/2026 04/23/2026 Books
          Koleksioni i përgjithshem UBT - Lipjan UBT - Lipjan 04/23/2026   003-800070999278 04/23/2026 04/23/2026 Books
          Koleksioni i përgjithshem UBT - Lipjan UBT - Lipjan 04/23/2026   003-800070999279 04/23/2026 04/23/2026 Books
          Koleksioni i përgjithshem UBT - Lipjan UBT - Lipjan 04/23/2026   003-800070999280 04/23/2026 04/23/2026 Books
          Koleksioni i përgjithshem UBT - Lipjan UBT - Lipjan 04/24/2026   003-800070999286 04/24/2026 04/24/2026 Books
UBT Library © 2015-2024. All rights reserved University Education for Business and Technology